LEADER 01464nam a2200241 i 4500 001 000000016174 003 CaOOAMICUS 005 20180830125443.0 008 180830s1928 it u000 u ita u 040 $aSeMil$bita 100 1 $aPestalozzi, Johann Heinrich,$d<1746-1827>.$0(OLS)http://semarc/name/7460 245 10$aLeonardo e Geltrude :$bLibro per il popolo /$cEnrico Pestalozzi ; traduzione, prefazione e note di G. Sanna. 260 $aVenezia :$bLa Nuova Italia,$c1928. 300 $a4 v. ;$c20 cm. 650 4$aPestalozzi, Johann Heinrich - Opere.$0(OLS)http://semarc/subject/2644 700 1 $aSanna, Giovanni,$d<1877-1950>.$0(OLS)http://semarc/name/3648 773 0 $aPestalozzi, Johann Heinrich <1746-1827>$tOpere complete.$dFirenze : La Nuova Italia $w()16160 774 0 $aPestalozzi, Johann Heinrich <1746-1827>$t1.$dVenezia : La Nuova Italia, 1928.$kEducatori antichi e moderni$w()152601 774 0 $aPestalozzi, Johann Heinrich <1746-1827>$t2.$dVenezia : La Nuova Italia, 1928.$kEducatori antichi e moderni$w()152603 774 0 $aPestalozzi, Johann Heinrich <1746-1827>$t3.$dVenezia : La Nuova Italia, 1928.$kEducatori antichi e moderni$w()152604 774 0 $aPestalozzi, Johann Heinrich <1746-1827>$t4.$dVenezia : La Nuova Italia, 1928.$kEducatori antichi e moderni$w()152605 996 $6245$aLeonardo e Geltrude :$bLibro per il popolo$9(OLS)http://semarc/title/21407 996 $6260$aVenezia :$bLa Nuova Italia$9(OLS)http://semarc/publisher/34104 LEADER 01811nam a2200361 i 4500 001 000000111975 003 CaOOAMICUS 005 20200415093920.0 008 030205s2002 it a u000 u mul u 013 $a84659 020 $a88-311-9470-4 040 $aSeMil$bita 240 10$aSermones.$0(OLS)http://semarc/title/2704 245 10$a35.2: Discorsi nuovi :$bSupplemento 2. (Dolbeau 21-31; Etaix 4-5) /$csant'Agostino ; testo, note e appendice di François Dolbeau ; traduzione di Vincenzo Tarulli ; indici di F. Dolbeau, F. Monteverde. 264 1$aRoma :$bCittà Nuova,$c2002. 300 $a1008 p., [4] c. di tav. :$bill. ;$c24 cm 700 1 $aMonteverde, Franco <1933- >.$0(OLS)http://semarc/name/8459 700 1 $aTarulli, Vincenzo.$0(OLS)http://semarc/name/20686 700 1 $aDolbeau, François.$0(OLS)http://semarc/name/7435 700 0 $aAugustinus, Aurelius,$c.$0(OLS)http://semarc/name/498 773 0 $aAugustinus, Aurelius $tOpere di sant'Agostino.$dRoma : Nuova Biblioteca Agostiniana ; Roma : Città Nuova, 1965-$bEd. latino-italiana$kNuova Biblioteca Agostiniana$g35$w()1393 830 0$aNuova Biblioteca Agostiniana.$0(OLS)http://semarc/title/544 850 $aSeMil 852 $aSeMil$W1$xVenegono$y1$mSL1.W VI 4/2$j258359$B67770$CSeMilBibl$Z2$F73910 $8I 900 1 $aAgostino : d'Ippona. 900 1 $aSant'Agostino. 961 $aSottoscrizione: Città Nuova (Agente) 996 $6020$a88-311-9470-4$9(OLS)http://semarc/number/94369 996 $6245$a35.2: Discorsi nuovi :$bSupplemento 2. (Dolbeau 21-31; Etaix 4-5)$9(OLS)http://semarc/title/163147 996 $6264$aRoma :$bCittà Nuova$9(OLS)http://semarc/publisher/29609